000 00267nam a2200109Ia 4500
008 220204s9999 xx 000 0 und d
082 _a82-3
_bHUG
100 _aHughes, Richard
245 2 _aA High wind in Jamaica
260 _aGreat Britain
_bTriad
_c1977
942 _cBK
999 _c32222
_d32222